Central Library, Doon University
WEBOPAC (ONLINE PUBLIC ACCESS CATALOGUE)

Cell Biology (Record no. 60758)

MARC details
000 -LEADER
fixed length control field 00617nam a22002297a 4500
005 - DATE & TIME
control field 20260511124830.0
008 - FIXED-LENGTH DATA ELEMENTS--GENERAL INFORMATION
fixed length control field 260511b |||||||| |||| 00| 0 eng d
020 ## - ISBN
International Standard Book Number 9780323758017
Price 5676.66
040 ## - CATALOGING SOURCE
Original cataloging agency Doon University
041 ## - Language
Language English
082 ## - DDC NUMBER
Classification number 571.6
Book Number POL
100 ## - MAIN ENTRY--PERSONAL NAME
Personal name Pollard, Thomas D.
245 ## - TITLE STATEMENT
Title Cell Biology
250 ## - EDITION STATEMENT
Edition statement 4th
260 ## - PUBLICATION, DISTRIBUTION, ETC. (IMPRINT)
Place of publication, distribution, etc Philadelphia
Name of publisher, distributor, etc Elsevier
Date of publication, distribution, etc 2024
300 ## - PHYSICAL DESCRIPTION
Pages 392
650 ## - Subject
Subject Environment Science (PM USHA)
700 ## - Added Entry Personal Name
Added Entry Personal Name Earnshaw, William C.
700 ## - Added Entry Personal Name
Added Entry Personal Name Schwartz, Jennifer Lippincott
700 ## - Added Entry Personal Name
Added Entry Personal Name Johnson, Graham T.
942 ## - ADDED ENTRY ELEMENTS (KOHA)
Koha item type Books
100 ## - MAIN ENTRY--PERSONAL NAME
-- 26779
650 ## - Subject
-- 26725
700 ## - Added Entry Personal Name
-- 26780
700 ## - Added Entry Personal Name
-- 26781
700 ## - Added Entry Personal Name
-- 26782
952 ## - LOCATION AND ITEM INFORMATION (KOHA)
-- 2026-05-11
952 ## - LOCATION AND ITEM INFORMATION (KOHA)
-- 2026-05-11
952 ## - LOCATION AND ITEM INFORMATION (KOHA)
-- 2026-05-11
Holdings
Withdrawn status Lost status Source of classification or shelving scheme Damaged status Not for loan Location (home branch) Sublocation or collection (holding branch) Date acquired Koha full call number Accession No. Koha date last seen Koha item type Koha issues (times borrowed)
        Not For Loan Doon University Doon University 11.05.2026 571.6 POL 32962 11.05.2026 Reference  
          Doon University Doon University 11.05.2026 571.6 POL 32963 11.05.2026 Books  
          Doon University Doon University 11.05.2026 571.6 POL 32964 11.05.2026 Books  
Contact : +91-135-2533126 (Library),+91-135-2533105 (Admin Office) , Email : doonlibrary@gmail.com

Powered by Koha